FIFA World Cup 2014 - Statistics

General Stats
  • This quiz has been taken 232 times
  • The average score is 4 of 5
Answer Stats
Hint Answer % Correct
Who won the World Cup? Germany
100%
Who scored the winning goal in the World Cup Final? Mario Götze
72%
Where did Luis Suarez bite Giorgio Chiellini? shoulder
67%
Who was nominated best Goalkeeper? Manuel Neuer
62%
Who was the top scorer? James Rodríguez
56%
No matching quizzes found
Score Distribution
Percent of People with Each Score
Percentile by Number Answered
Your Score History
You have not taken this quiz